000 00720nam a2200241Ia 4500
005 20260430150405.0
008 008 250103s9999 xx 000 0 eng d
037 _aTheses
040 _aCRL
040 _beng
040 _ceng
041 _2eng
041 _aeng
084 _qCRL
100 _aSharma Jeev Jatan Au.; Saikia Ashima Gu.; Pant Naresh Chandra Gu.
_91237357
245 0 _aMetamorphie Evolution of the Pangong Metamorphie Complex (PMC): Insights into Kinetic Controls of Staurolote-Sillimanite Growth
260 _c2023
300 _a132p.
650 _aGeology
700 _aUniversity of Delhi. Faculty of Science. Deptt. of Geology
_91237358
942 _cTH
999 _c1849669
_d1849669